000 00434nam a22001697a 4500
005 20180813100350.0
008 160616b xxu||||| |||| 00| 0 eng d
020 _a0-07-05903-13-6
041 _aeng
082 _b7940
_a658.3124
100 _aWilson, Thomas B
_92074
245 _aInnovative Rewards systems for the changing work place
260 _bTMH
_c2004
_adelhi
300 _a359p,
650 _aManagement
_9241
942 _cBK
999 _c2909
_d2908